000 00557nam a22001697a 4500
005 20260509125037.0
008 260509b |||||||| |||| 00| 0 eng d
020 _a9789372127379
040 _aSGVU Library
_cSGVU Library
082 _222
_a338.1
_bROR A
100 _aRout Rajendra Kumar
_940304
245 _aA Textbook on Principal of Agricultural Economics And Farm Management
_hEnglish
260 _aNew Delhi , India
_bKalyani Publishers
_c2026
300 _a10.59p
_bPB
650 _aAgriculture
_yG4762
_940305
942 _2ddc
_cBOOKS
_k338.1 ROR A
999 _c90279
_d90279